LEADER 00704nam0-22003011i-450- 001 990000605490403321 005 20001010 035 $a000060549 035 $aFED01000060549 035 $a(Aleph)000060549FED01 035 $a000060549 100 $a20001010d--------km-y0itay50------ba 101 0 $aita 105 $ay-------001yy 200 1 $aARCHIVIO EDILE$fS.A.E.T. 210 $as.l.$cs.e.$ds.d. 300 $aVol. I : 1960/61 610 0 $aNorme 610 0 $aTabelle 610 0 $aManuali 710 02$aS.A.E.T. 801 0$aIT$bUNINA$gRICA$2UNIMARC 901 $aBK 912 $a990000605490403321 952 $a07 O-33/A$b3461$fDINSC 959 $aDINSC 997 $aUNINA DB $aING01 LEADER 00887nam0-22003011i-450 001 990005705050403321 005 20250328171410.0 035 $a000570505 035 $aFED01000570505 035 $a(Aleph)000570505FED01 035 $a000570505 100 $a19990604d1965----km-y0itay50------ba 101 0 $aita 105 $ay---e---001yy 200 1 $aDizionario di toponomastica piemontese$fDante Olivieri 210 $aBrescia$cPaideia$d1965 215 $a379 p.$d25 cm 610 0 $aToponimi$aPiemonte$aDizionari 676 $a914.51 700 1$aOlivieri,$bDante$f<1877-1964>$0164808 801 0$aIT$bUNINA$gRICA$2UNIMARC 901 $aBK 912 $a990005705050403321 952 $a914.15 OLID 01$bIST.GLOTT. S.I.$fFLFBC 952 $a914.15 OLI 1 BIS$bIST.GLOTT. S.I.$fFLFBC 959 $aFLFBC 996 $aDizionario di toponomastica piemontese$9267080 997 $aUNINA